000 00351nam a2200133Ia 4500
008 240624s9999 xx 000 0 und d
041 _aeng
082 _a331 SHA
100 _aSHARMA R C
245 _aINDUSTRIAL RELATIONS AND LABOUR LEGISLAT
260 _c2016
_aNew Delhi
_bPrentice Hall of India
300 _axxv, 914 p.; 23 cm.
365 _cRS
_b33
999 _c29535
_d29535